[Event "Morbihan-ch 0910"]
[Site "Morbihan"]
[Date "2009.11.07"]
[Round "2.20"]
[White "Berthelot, Eric"]
[Black "Dumont, Gerard"]
[Result "1-0"]
[WhiteElo "1530"]
[BlackElo "1210"]
[PlyCount "69"]
[EventDate "2009.10.10"]
[EventType "swiss"]
[EventRounds "7"]
[EventCountry "FRA"]
[SourceTitle "EXT 2014"]
[Source "ChessBase"]
[SourceDate "2013.11.20"]
[SourceVersion "1"]
[SourceVersionDate "2013.11.20"]
[SourceQuality "1"]

1. d4 d5 2. c4 Nf6 3. Nc3 e6 4. Bg5 h6 5. Bxf6 Qxf6 6. Nf3 Bb4 7. Qa4+ Nc6 8. e3 Bxc3+ 9. bxc3 0-0 10. cxd5 exd5 11. Be2 Ne7 12. Qc2 Bf5 13. Qb3 Rab8 14. 0-0 Qg6 15. Nh4 Qg5 16. Nxf5 Qxf5 17. Qa3 Ng6 18. Rfd1 Nh4 19. Bf1 Rfe8 20. Qb2 Re6 21. Kh1 Rg6 22. f3 Qg5 23. Qf2 Nf5 24. Re1 Re8 25. f4 Qh5 26. Kg1 Nh4 27. g3 Nf3+ 28. Kh1 Nxe1 29. Rxe1 Qf5 30. Bg2 h5 31. h4 Rg4 32. Kh2 g5 33. Bh3 gxh4 34. gxh4 Qf6 35. Bxg4 1-0

[Event "FICGS W-ch st1 g04 email"]
[Site "FICGS email"]
[Date "2006.07.01"]
[Round "1"]
[White "Berthelot, Eric"]
[Black "Sahin, Hamdullah"]
[Result "1-0"]
[WhiteElo "1317"]
[BlackElo "1200"]
[PlyCount "23"]
[EventDate "2006.??.??"]
[EventType "tourn (corr)"]
[EventRounds "8"]
[SourceTitle "Corr 2022"]
[Source "ChessBase"]
[SourceDate "2021.10.24"]
[SourceVersion "1"]
[SourceVersionDate "2021.10.24"]
[SourceQuality "1"]

1. e4 e5 2. Nf3 Nc6 3. Bb5 Nd4 4. Nxd4 exd4 5. c3 Qg5 6. Bf1 dxc3 7. Nxc3 Nf6 8. d4 Qa5 9. Bd3 Bb4 10. Bd2 Bxc3 11. Bxc3 Qb6 12. 0-0 1-0

[Event "FICGS W-ch st1 g04 email"]
[Site "FICGS email"]
[Date "2006.07.01"]
[Round "1"]
[White "Berthelot, Eric"]
[Black "Wyborn, Graham"]
[Result "0-1"]
[WhiteElo "1317"]
[BlackElo "1669"]
[PlyCount "50"]
[EventDate "2006.??.??"]
[EventType "tourn (corr)"]
[EventRounds "8"]
[SourceTitle "Corr 2022"]
[Source "ChessBase"]
[SourceDate "2021.10.24"]
[SourceVersion "1"]
[SourceVersionDate "2021.10.24"]
[SourceQuality "1"]

1. e4 c5 2. Nf3 h6 3. d4 cxd4 4. Nxd4 e5 5. Nf3 d6 6. Nc3 Be6 7. Be3 Nf6 8. Bd3 Be7 9. 0-0 Nc6 10. a3 a6 11. Re1 0-0 12. Qd2 b5 13. Kh1 Qc7 14. Bxh6 gxh6 15. Qxh6 Ng4 16. Qd2 Qa7 17. Re2 Kg7 18. h3 Rh8 19. Nd5 Rag8 20. Nxe7 Qxe7 21. g3 Rxh3+ 22. Kg2 Qf6 23. Qg5+ Qxg5 24. Nxg5 Rh2+ 25. Kf3 Nd4# 0-1

[Event "FICGS class F 000003 email"]
[Site "FICGS email"]
[Date "2006.06.01"]
[Round "1"]
[White "Berthelot, Eric"]
[Black "Hansell, Tim"]
[Result "1-0"]
[WhiteElo "1317"]
[BlackElo "1200"]
[PlyCount "79"]
[EventDate "2006.??.??"]
[EventType "tourn (corr)"]
[EventRounds "5"]
[SourceTitle "Corr 2022"]
[Source "ChessBase"]
[SourceDate "2021.10.24"]
[SourceVersion "1"]
[SourceVersionDate "2021.10.24"]
[SourceQuality "1"]

1. d4 Nc6 2. Nf3 e5 3. dxe5 Qe7 4. Nc3 Qb4 5. a3 Qc4 6. e3 Qe6 7. Qd5 Qxd5 8. Nxd5 Kd8 9. Bc4 Nxe5 10. Nxe5 c6 11. Nxf7+ Ke8 12. Nc7+ Ke7 13. Nxa8 Nf6 14. Bd2 d5 15. Bd3 Kxf7 16. Nc7 Bd6 17. Nxd5 cxd5 18. 0-0-0 Ng4 19. h3 Nxf2 20. Rdf1 Bg3 21. Be1 Re8 22. Bxf2 Be5 23. Bg3+ Bf6 24. Bh4 Rxe3 25. Bxf6 gxf6 26. Bxh7 Kg7 27. Bd3 Rg3 28. Rhg1 d4 29. h4 b5 30. Bxb5 d3 31. Bxd3 Rg4 32. g3 a5 33. Bf5 Rc4 34. Bxc8 Rxc8 35. Rf5 a4 36. Rgf1 Rf8 37. R5f4 Kh6 38. Rxf6+ Rxf6 39. Rxf6+ Kg7 40. Rf4 1-0

[Event "FICGS class D 000003 email"]
[Site "FICGS email"]
[Date "2006.04.26"]
[Round "1"]
[White "Berthelot, Eric"]
[Black "Frame, Jeremy"]
[Result "1-0"]
[WhiteElo "1420"]
[BlackElo "1520"]
[PlyCount "47"]
[EventDate "2006.??.??"]
[EventType "tourn (corr)"]
[EventRounds "6"]
[SourceTitle "Corr 2022"]
[Source "ChessBase"]
[SourceDate "2021.10.24"]
[SourceVersion "1"]
[SourceVersionDate "2021.10.24"]
[SourceQuality "1"]

1. c4 e5 2. Nc3 Nf6 3. e3 d5 4. cxd5 Nxd5 5. Nxd5 Qxd5 6. Qa4+ Nc6 7. Bc4 Qd8 8. Nf3 Bd6 9. 0-0 Bd7 10. Qb3 Na5 11. Bxf7+ Ke7 12. Qd5 c6 13. Qe4 Kxf7 14. Nxe5+ Bxe5 15. Qxe5 Re8 16. Qh5+ g6 17. Qf3+ Qf6 18. Qg3 Kg7 19. Rb1 Rf8 20. b4 Nc4 21. d3 Ne5 22. Bb2 Rae8 23. Kh1 Nxd3 24. Bxf6+ 1-0

[Event "FICGS class D 000001 email"]
[Site "FICGS email"]
[Date "2006.04.12"]
[Round "1"]
[White "Berthelot, Eric"]
[Black "Benitez, Ryan"]
[Result "0-1"]
[WhiteElo "1420"]
[BlackElo "1400"]
[PlyCount "20"]
[EventDate "2006.??.??"]
[EventType "tourn (corr)"]
[EventRounds "6"]
[SourceTitle "Corr 2022"]
[Source "ChessBase"]
[SourceDate "2021.10.24"]
[SourceVersion "1"]
[SourceVersionDate "2021.10.24"]
[SourceQuality "1"]

1. e4 c5 2. Nf3 Nc6 3. d4 cxd4 4. Nxd4 Nf6 5. Nc3 e6 6. f3 Bc5 7. Be3 Qb6 8. Nxc6 Bxe3 9. Ne5 Bf2+ 10. Ke2 Qe3# 0-1

[Event "FICGS class D 000001 email"]
[Site "FICGS email"]
[Date "2006.04.12"]
[Round "1"]
[White "Berthelot, Eric"]
[Black "Schoonover, Michael"]
[Result "0-1"]
[WhiteElo "1420"]
[BlackElo "1600"]
[PlyCount "28"]
[EventDate "2006.??.??"]
[EventType "tourn (corr)"]
[EventRounds "6"]
[SourceTitle "Corr 2022"]
[Source "ChessBase"]
[SourceDate "2021.10.24"]
[SourceVersion "1"]
[SourceVersionDate "2021.10.24"]
[SourceQuality "1"]

1. c4 Nf6 2. Nc3 e5 3. e3 Bb4 4. d3 d5 5. a3 Bxc3+ 6. bxc3 dxc4 7. Bb2 cxd3 8. Qxd3 Qxd3 9. Bxd3 Be6 10. Ne2 Nbd7 11. 0-0 Nc5 12. Bc2 0-0-0 13. a4 Rd2 14. Ba3 Rxc2 0-1

[Event "Morbihan-ch 0506"]
[Site "Arradon"]
[Date "2006.03.18"]
[Round "6"]
[White "Berthelot, Eric"]
[Black "Tonal, Jean Jacques"]
[Result "1/2-1/2"]
[WhiteElo "1420"]
[BlackElo "1612"]
[PlyCount "67"]
[EventDate "2005.10.01"]
[EventType "swiss"]
[EventRounds "7"]
[EventCountry "FRA"]
[SourceTitle "EXT 2007"]
[Source "ChessBase"]
[SourceDate "2006.11.23"]
[SourceVersion "1"]
[SourceVersionDate "2006.11.23"]
[SourceQuality "1"]

1. c4 f5 2. Nc3 b6 3. Nf3 Bb7 4. d4 e6 5. e3 Nf6 6. Be2 Bb4 7. 0-0 0-0 8. Nd2 Bxc3 9. bxc3 d6 10. Bf3 d5 11. cxd5 exd5 12. Qe2 Ne4 13. Nxe4 fxe4 14. Bg4 Nd7 15. Ba3 Re8 16. f3 Nf6 17. Bh3 Bc8 18. Bxc8 Qxc8 19. fxe4 Nxe4 20. Rf3 Qe6 21. Qd3 c5 22. Raf1 Rf8 23. Bc1 Rxf3 24. Rxf3 Rf8 25. Rxf8+ Kxf8 26. dxc5 bxc5 27. Bb2 Qf5 28. Qe2 h5 29. Qf3 Qxf3 30. gxf3 Nd2 31. Kf2 Nc4 32. Bc1 Kf7 33. h4 Ke6 34. e4 1/2-1/2

[Event "Morbihan-ch 0405"]
[Site "Arradon"]
[Date "2004.12.18"]
[Round "3"]
[White "Peyre, Thomas"]
[Black "Berthelot, Eric"]
[Result "1-0"]
[WhiteElo "1620"]
[BlackElo "1360"]
[PlyCount "82"]
[EventDate "2004.10.10"]
[EventType "swiss"]
[EventRounds "7"]
[EventCountry "FRA"]
[SourceTitle "EXT 2007"]
[Source "ChessBase"]
[SourceDate "2006.11.23"]
[SourceVersion "1"]
[SourceVersionDate "2006.11.23"]
[SourceQuality "1"]

1. e4 e5 2. Nf3 Nc6 3. Bc4 Nf6 4. Ng5 d5 5. exd5 Na5 6. Bb5+ c6 7. dxc6 bxc6 8. Be2 h6 9. Nf3 e4 10. Ne5 Qd5 11. f4 Bd6 12. d4 exd3 13. Bf3 dxc2 14. Qxc2 Bb4+ 15. Bd2 Bxd2+ 16. Nxd2 Qb5 17. b4 Qxb4 18. Bxc6+ Nxc6 19. Qxc6+ Nd7 20. Qxa8 0-0 21. Qc6 Rd8 22. Qc4 Qxd2+ 23. Kxd2 Nxe5+ 24. Kc3 Nxc4 25. Kxc4 Be6+ 26. Kc3 Rc8+ 27. Kd2 Re8 28. Rhe1 Ra8 29. Ke3 Bf5 30. Rad1 Rb8 31. h3 Rb2 32. Rd2 Rb8 33. Red1 Re8+ 34. Kf2 Re4 35. Rd4 Re8 36. Rd8 Kf8 37. Rxe8+ Kxe8 38. Re1+ Kd7 39. Rd1+ Ke7 40. Re1+ Kd7 41. Ke3 Be6 1-0

[Event "Morbihan-ch 0304"]
[Site "Morbihan"]
[Date "2003.11.08"]
[Round "2"]
[White "Berthelot, Eric"]
[Black "Chapelle, Alain"]
[Result "0-1"]
[WhiteElo "1499"]
[BlackElo "1640"]
[PlyCount "78"]
[EventDate "2003.10.??"]
[EventType "swiss"]
[EventRounds "7"]
[EventCountry "FRA"]
[SourceTitle "EXT 2005"]
[Source "ChessBase"]
[SourceDate "2004.11.15"]
[SourceVersion "1"]
[SourceVersionDate "2004.11.15"]
[SourceQuality "1"]

1. e4 b6 2. Nf3 Bb7 3. d4 Bxe4 4. Nc3 Bb7 5. Bc4 Nf6 6. Bg5 e6 7. Qd3 Be7 8. Bxf6 Bxf6 9. Ne4 Be7 10. Ned2 Nc6 11. d5 Nb4 12. Qb3 exd5 13. Be2 a5 14. a3 a4 15. Qc3 Nc6 16. 0-0 Bf6 17. Qd3 0-0 18. Rab1 Ba6 19. c4 dxc4 20. Nxc4 Na5 21. Qc2 Nxc4 22. Bxc4 Bxc4 23. Qxc4 d5 24. Qc6 Be7 25. Nd4 Qd6 26. Qc2 c5 27. Nf5 Qd7 28. Rfe1 Bf6 29. Rbd1 Rfe8 30. Ne3 g6 31. Kf1 d4 32. Nc4 Rxe1+ 33. Kxe1 b5 34. Nb6 Qe6+ 35. Kf1 Qxb6 36. Qe4 Rd8 37. f4 Qe6 38. Qb7 Qc4+ 39. Kf2 Qc2+ 0-1